| 000 | 00620nam a2200193Ia 4500 | ||
|---|---|---|---|
| 008 | 151121s9999||||xx |||||||||||||| ||und|| | ||
| 082 | _a250/ओशो | ||
| 082 | _bHNW-112020 | ||
| 100 | _aओशो | ||
| 245 | _aप्रेम है द्वार सत्य का | ||
| 260 | _b"डायमंड बुक स्टॉल, सांगली।" | ||
| 260 | _c2009 | ||
| 300 | _a107 | ||
| 600 | _aओशो | ||
| 630 | _aप्रेम है द्वार सत्य का | ||
| 700 | _aओशो | ||
| 730 | _aप्रेम है द्वार सत्य का | ||
| 942 | _cBOOK | ||
| 999 |
_c1261377 _d1261374 |
||